Weapons of the Soviet Ground Forces - Statistics

General Stats
  • This quiz has been taken 19 times
  • The average score is 9 of 16
Answer Stats
Picture Answer % Correct
AK47
100%
AK74
100%
PK
82%
RPK
76%
AKM
71%
PPSh-41
65%
SKS
65%
SVD
65%
RPD
59%
AS VAL
41%
SVT-40
35%
AKS-74U
29%
TT33
29%
Makarov PM
18%
RPK-74
18%
VSS Vintorez
18%
No matching quizzes found
Score Distribution
Percent of People with Each Score
Percentile by Number Answered
Your Score History
You have not taken this quiz